zpět

Detail výsledku týmu

Bridge Bar, Týn nad Vltavou

Datum a čas kvízu

21.5 Celkem bodů Celkový počet nahraných bodů na tomto kvízu bez doplňovacích otázek.
8. Pořadí na kvízu Konečné umístění týmu na tomto kvízu.

Zaznamenané odpovědi

# Otázka Odpověď Body Výsledky
1. Česká diplomacie zaznamenala m... Jiří Šedivý 0
2. V jedné evropské zemi rezignov... o Ukrajině 0
3. Na letošní festival Febiofest... Woody Harrelson 1
4. V úterý byl vyhlášen Podnikate... Oliver Dlouhý 0
5. Naše reprezentantka Markéta Da... Denise Herrmannová 1
6. V následujících pěti otázkách... gaviál (indický) 0
7. Desomorfin je syntetický opioi... v Rusku 1
8. Značka Crocs je známá předevší... v USA 1
9. Krokodýl Dundee je australská... Paul Hogan, Mike 0.5
10. Jak si říká muž, který v roce... Elton John 0